000 00598nam a2200181 i 4500
001 25362
003 ES-MaACL
005 20230906153240.0
007 t|
008 021226s1942 fr ||||1| fre d
100 1 _aAppell, Paul.
_922111
245 1 0 _aPrecis de Mecanique rationnelle
_b: introduction a l'etude de la physique et de la Mecanique appliquée /
_cpar Paul Appell et S. Dautheville.
250 _a5e ed.
260 _aParís :
_bGauthier-Villars,
_c1942 (
_fImp. Editorial)
300 _a650 p. ;
_c26 cm.
700 1 _aDautheville, S.
_942838
852 _aES-MaACL
_jF-15644
_bR.19895
999 _c25362
_d25362